15 Largest Cities in the Low Countries - Statistics

General Stats
  • This quiz has been taken 89 times
  • The average score is 10 of 15
Answer Stats
Country Answer Population % Correct
Netherlands Amsterdam 2,431,000
100%
Belgium Brussels 1,789,447
99%
Netherlands Rotterdam 1,181,284
96%
Belgium Antwerp 940,671
92%
Netherlands The Hague 1,054,793
92%
Belgium Ghent 416,493
80%
Netherlands Utrecht 656,342
73%
Belgium Liege 633,934
61%
Netherlands Eindhoven 419,045
56%
Netherlands Groningen 360,748
53%
Belgium Charleroi 403,868
43%
Netherlands Breda 324,812
33%
Netherlands Tilburg 300,249
32%
Netherlands Nijmegen 287,517
29%
Netherlands Almere 196,290
27%
No matching quizzes found
Score Distribution
Percent of People with Each Score
Percentile by Number Answered
Your Score History
You have not taken this quiz